[Event "Velka cena Tabora"]
[Site "?"]
[Date "2018.07.29"]
[Round "1.11"]
[White "Prochazka, Pavel"]
[Black "Popelka, Oldrich"]
[Result "0-1"]
[WhiteElo "1711"]
[BlackElo "2110"]
[PlyCount "88"]
[EventDate "2018.??.??"]

1. d4 Nf6 2. c4 g6 3. Nc3 Bg7 4. Bg5 d6 5. Qd2 O-O 6. Bh6 e5 7. Bxg7 Kxg7 8. d5
Nbd7 9. e4 Nc5 10. Bd3 Bd7 11. Nge2 a5 12. O-O Nh5 13. f4 exf4 14. Nxf4 Qg5 15.
Bc2 Kg8 16. Rf2 Rae8 17. Re1 Nf6 18. Rfe2 b6 19. a3 a4 20. g3 h5 21. Ng2 Qxd2
22. Rxd2 Re7 23. Nh4 Ng4 24. Nf3 Ne5 25. Nxe5 Rxe5 26. Rde2 Kg7 27. Kf2 h4 28.
Re3 Rh8 29. Rg1 hxg3+ 30. hxg3 Rh2+ 31. Rg2 Rh1 32. Rg1 Reh5 33. Rxh1 Rxh1 34.
Kg2 Rc1 35. Re2 Kf6 36. Rf2+ Ke5 37. Bd1 f6 38. Bf3 Nd3 39. Rd2 Nxb2 40. Ne2
Nxc4 41. Rd3 Rc2 42. Kf1 Nd2+ 43. Kf2 Nxf3 44. Kxf3 Bb5 0-1

[Event "Velka cena Tabora"]
[Site "?"]
[Date "2018.07.29"]
[Round "1.12"]
[White "Mulenko, Alexander"]
[Black "Cipera, Josef"]
[Result "1-0"]
[WhiteElo "2019"]
[BlackElo "1688"]
[PlyCount "83"]
[EventDate "2018.??.??"]

1. Nf3 Nf6 2. c4 d5 3. cxd5 Nxd5 4. g3 Nc6 5. Bg2 e5 6. O-O Be7 7. Nc3 Nxc3 8.
bxc3 O-O 9. d4 exd4 10. Nxd4 Nxd4 11. cxd4 Bf6 12. Ba3 Re8 13. e3 c6 14. Rb1
Be7 15. Bxe7 Qxe7 16. Qb3 Bf5 17. Rb2 Bc8 18. Rc1 a5 19. a4 Ra7 20. Rc5 Qd8 21.
Qb6 Qxb6 22. Rxb6 Bd7 23. Kf1 Kf8 24. Ke2 f6 25. Kd3 Ke7 26. e4 Kd6 27. Rc1 Kc7
28. Rb2 Kd8 29. f4 b5 30. e5 Rc7 31. Rc5 fxe5 32. fxe5 bxa4 33. Rxa5 c5 34.
Rb8+ Ke7 35. Rxe8+ Kxe8 36. Ra8+ Ke7 37. d5 Bb5+ 38. Kc3 Rd7 39. d6+ Kf7 40.
Bh3 Rb7 41. e6+ Kg6 42. d7 1-0

[Event "Velka cena Tabora"]
[Site "?"]
[Date "2018.07.29"]
[Round "1.13"]
[White "Vavrousek, Petr"]
[Black "Romanov, Sergey"]
[Result "0-1"]
[WhiteElo "1686"]
[BlackElo "2102"]
[PlyCount "40"]
[EventDate "2018.??.??"]

1. e4 c5 2. Qh5 d6 3. Be2 Nf6 4. Qh4 Nc6 5. Nc3 e6 6. d3 Be7 7. Qg3 Rg8 8. Bd2
a6 9. f4 Nxe4 10. Qe3 Nxd2 11. Qxd2 Qb6 12. Nf3 Bf6 13. O-O d5 14. Na4 Qb5 15.
Nc3 Qxb2 16. Na4 Qb5 17. Nc3 Qa5 18. Ne5 Nxe5 19. fxe5 Bxe5 20. Bh5 g6 0-1

[Event "Velka cena Tabora"]
[Site "?"]
[Date "2018.07.29"]
[Round "1.14"]
[White "Kotal, Vaclav"]
[Black "Abraham, Karel"]
[Result "1-0"]
[WhiteElo "2101"]
[BlackElo "1676"]
[PlyCount "97"]
[EventDate "2018.??.??"]

1. e4 e6 2. d4 d5 3. Bd3 c5 4. exd5 Qxd5 5. Nc3 Qd8 6. Nf3 Nf6 7. Bf4 cxd4 8.
Nxd4 a6 9. O-O Be7 10. Nf3 Nc6 11. Qe2 Nd4 12. Nxd4 Qxd4 13. Be5 Qh4 14. Rad1
O-O 15. Ne4 b5 16. g3 Qh6 17. Bf4 Qh3 18. Ng5 Qg4 19. Bxh7+ Kh8 20. Qxg4 Nxg4
21. Be4 Ra7 22. h3 Nf6 23. Bf3 Bb7 24. Be3 Bxf3 25. Bxa7 Bxd1 26. Rxd1 Nd5 27.
Nf3 Bf6 28. Bd4 Rc8 29. Bxf6 Nxf6 30. c3 g6 31. Rd6 Ra8 32. Ne5 Kg7 33. Rb6 Ra7
34. Nc6 Nd7 35. Nxa7 Nxb6 36. b3 Nd5 37. c4 bxc4 38. bxc4 Nc7 39. f4 Kf6 40.
Kf2 a5 41. Nc6 a4 42. Ke3 g5 43. fxg5+ Kxg5 44. h4+ Kg4 45. Ne5+ Kxg3 46. h5
Ne8 47. h6 Nf6 48. c5 Kh4 49. c6 1-0

[Event "Velka cena Tabora"]
[Site "?"]
[Date "2018.07.29"]
[Round "1.15"]
[White "Janousek, Petr"]
[Black "Parak, Dominik"]
[Result "0-1"]
[WhiteElo "1659"]
[BlackElo "2098"]
[PlyCount "94"]
[EventDate "2018.??.??"]

1. d4 d5 2. Nf3 Nf6 3. g3 e6 4. Bg2 c5 5. O-O Nc6 6. c4 dxc4 7. Ne5 Nxe5 8.
dxe5 Qxd1 9. Rxd1 Nd7 10. f4 Rb8 11. Na3 b5 12. Nb1 Bb7 13. Nc3 Bxg2 14. Kxg2
f6 15. exf6 gxf6 16. Ne4 Rb6 17. Be3 f5 18. Nc3 Nf6 19. b3 cxb3 20. axb3 Rb7
21. Ra6 Ng4 22. Bg1 Bg7 23. h3 Bxc3 24. hxg4 Rc7 25. Rxe6+ Kf7 26. gxf5 a5 27.
e4 Ra8 28. Rc1 b4 29. e5 c4 30. bxc4 a4 31. Rb6 a3 32. e6+ Ke8 33. f6 Bxf6 34.
Rxb4 a2 35. Kh3 a1=Q 36. Rxa1 Rxa1 37. Bb6 Rc6 38. f5 Be7 39. c5 Rf1 40. Ra4
Rc8 41. Rg4 Rxf5 42. Rg8+ Rf8 43. Rg7 Bxc5 44. Bxc5 Rxc5 45. Rxh7 Re5 46. g4
Rxe6 47. Kh4 Rg8 0-1

[Event "Velka cena Tabora"]
[Site "?"]
[Date "2018.07.29"]
[Round "1.16"]
[White "Vasicek, Martin"]
[Black "Tumova, Anna"]
[Result "1-0"]
[WhiteElo "2098"]
[BlackElo "1648"]
[PlyCount "55"]
[EventDate "2018.??.??"]

1. d4 Nf6 2. Nf3 g6 3. Bf4 d5 4. e3 Bg7 5. Be2 O-O 6. O-O Nbd7 7. h3 c5 8. c3
Qa5 9. Nbd2 c4 10. Ne5 Ne8 11. Nxd7 Bxd7 12. e4 e6 13. Re1 b5 14. Bf3 Bc6 15.
a3 f5 16. exd5 Bxd5 17. Rxe6 Bxe6 18. Bxa8 Nf6 19. Qf3 Nh5 20. Re1 Nxf4 21.
Qxf4 Bf7 22. Bc6 h6 23. Nf3 Qa4 24. Ne5 Qb3 25. Nxf7 Kxf7 26. Bd5+ Kf6 27. Qe5+
Kg5 28. h4+ 1-0

[Event "Velka cena Tabora"]
[Site "?"]
[Date "2018.07.29"]
[Round "1.17"]
[White "Severa, Jiri"]
[Black "Krouzel, Jaroslav"]
[Result "0-1"]
[WhiteElo "1633"]
[BlackElo "2079"]
[PlyCount "80"]
[EventDate "2018.??.??"]

1. d4 f5 2. c4 Nf6 3. Nc3 d6 4. e3 g6 5. Nf3 Bg7 6. Be2 O-O 7. O-O c6 8. b3 Qc7
9. Bb2 e5 10. dxe5 dxe5 11. Qc2 a6 12. Rfd1 e4 13. Ne1 Nbd7 14. Ba3 c5 15. Rac1
b6 16. Bb2 Bb7 17. Nd5 Nxd5 18. Bxg7 Nxe3 19. fxe3 Kxg7 20. Qd2 Nf6 21. Qd6
Rac8 22. Qxc7+ Rxc7 23. Rd6 Rc6 24. Rcd1 Rf7 25. Rxc6 Bxc6 26. Rd6 Rc7 27. g3
Kf7 28. Ng2 Ke7 29. Rd1 Rd7 30. Rxd7+ Bxd7 31. a3 g5 32. b4 cxb4 33. axb4 a5
34. c5 axb4 35. cxb6 Be6 36. b7 Nd7 37. Bb5 Nb8 38. Ne1 b3 39. Ba4 b2 40. Bc2
Ba2 0-1

[Event "Velka cena Tabora"]
[Site "?"]
[Date "2018.07.29"]
[Round "1.18"]
[White "Nejdl, Eduard"]
[Black "Svec, Vitezslav"]
[Result "1-0"]
[WhiteElo "2059"]
[BlackElo "1632"]
[PlyCount "79"]
[EventDate "2018.??.??"]

1. e4 d6 2. d4 Nf6 3. Nc3 Nbd7 4. g3 e5 5. Nge2 Be7 6. Bg2 O-O 7. O-O c6 8. a4
a5 9. h3 Qc7 10. f4 Rd8 11. Be3 Rb8 12. Kh2 b6 13. g4 Nf8 14. Qe1 Bxg4 15. dxe5
Bxe2 16. exf6 Bxf1 17. fxe7 Qxe7 18. Qxf1 d5 19. Bd4 dxe4 20. Be5 Rbc8 21. Nxe4
Ng6 22. Bc3 Nh4 23. Bh1 Nf5 24. Qg1 Kh8 25. Qg4 Qe6 26. Ng5 Qg6 27. Be4 Rd5 28.
Bxd5 cxd5 29. Nf3 Qxg4 30. hxg4 Ne3 31. Kg3 Nxc2 32. Rd1 Ne3 33. Rd3 Re8 34.
Ne5 f6 35. Rxe3 fxe5 36. Bxe5 Kg8 37. Rb3 Rd8 38. Kf3 Rc8 39. Rxb6 d4 40. Ke4
1-0

[Event "Velka cena Tabora"]
[Site "?"]
[Date "2018.07.29"]
[Round "1.19"]
[White "Vasicek, Milan"]
[Black "Tesar, Jan"]
[Result "0-1"]
[WhiteElo "1630"]
[BlackElo "2047"]
[PlyCount "80"]
[EventDate "2018.??.??"]

1. d4 d5 2. c4 e5 3. Nc3 exd4 4. Nxd5 c6 5. Nf4 Bb4+ 6. Bd2 Qe7 7. Nf3 Nf6 8.
a3 Bd6 9. g3 O-O 10. Bg2 c5 11. O-O Nc6 12. Re1 Bf5 13. e3 Bxf4 14. exf4 Qc7
15. Ne5 Rfe8 16. Bxc6 bxc6 17. g4 Be6 18. f5 Bxf5 19. f4 Be6 20. Qf3 Nd7 21.
Nxc6 Rac8 22. Ne5 Nxe5 23. Rxe5 Bxc4 24. Rae1 Rxe5 25. fxe5 Qd7 26. b4 Bd5 27.
Qf4 h5 28. gxh5 Qh3 29. Qg5 c4 30. Bf4 d3 31. e6 Bxe6 32. Be5 Qg4+ 33. Qxg4
Bxg4 34. Bc3 Bxh5 35. Re5 Bg6 36. Kf2 f6 37. Re7 Re8 38. Rxa7 Re2+ 39. Kf1 Rc2
40. Be1 d2 0-1

[Event "Velka cena Tabora"]
[Site "?"]
[Date "2018.07.29"]
[Round "1.20"]
[White "Kudrlicka, Ladislav"]
[Black "Privoznik, Lubos"]
[Result "1-0"]
[WhiteElo "2031"]
[BlackElo "1626"]
[PlyCount "81"]
[EventDate "2018.??.??"]

1. d4 Nf6 2. Nf3 d5 3. c4 c6 4. Nc3 Bf5 5. Qb3 Bc8 6. Bf4 e6 7. e3 Nbd7 8. Bd3
dxc4 9. Bxc4 Nb6 10. Bd3 Nbd5 11. Bg5 Qb6 12. Qxb6 axb6 13. O-O Nxc3 14. bxc3
Nd5 15. c4 Nb4 16. Bb1 Bd6 17. e4 f6 18. Bd2 e5 19. dxe5 fxe5 20. Bc3 Be6 21.
a3 Na6 22. Bxe5 Bxe5 23. Nxe5 Nc5 24. f4 Ke7 25. f5 Bf7 26. Bc2 Rhd8 27. Nxf7
Kxf7 28. e5 Rd2 29. Rf2 Rad8 30. Raf1 Rxf2 31. Rxf2 Rd4 32. Bb1 Rd1+ 33. Rf1
Rxf1+ 34. Kxf1 Nb3 35. Ke2 b5 36. cxb5 Nd4+ 37. Kd3 Nxf5 38. bxc6 bxc6 39. a4
Ke7 40. Ke4 Ke6 41. Ba2+ 1-0

[Event "Velka cena Tabora"]
[Site "?"]
[Date "2018.07.30"]
[Round "2.21"]
[White "Rolinek, Dominik"]
[Black "Rybin, Jan"]
[Result "1/2-1/2"]
[WhiteElo "2004"]
[BlackElo "1851"]
[PlyCount "82"]
[EventDate "2018.??.??"]

1. d4 Nf6 2. Nf3 b6 3. Nc3 Bb7 4. e3 e6 5. Bd3 c5 6. O-O Be7 7. Re1 d5 8. Ne5
O-O 9. f4 Ne4 10. Ne2 f6 11. Nf3 Nd7 12. c4 Rc8 13. b3 dxc4 14. Bxc4 Bd5 15.
Bxd5 exd5 16. f5 c4 17. Nf4 Bb4 18. Rf1 Nc3 19. Qc2 Qe7 20. a3 cxb3 21. Qxb3
Bd6 22. Nxd5 Qf7 23. e4 Nxe4 24. Qa2 Nc3 25. Nxc3 Rxc3 26. Bd2 Qxa2 27. Rxa2
Rc4 28. Bb4 Bxb4 29. axb4 Ra8 30. Rfa1 Rxb4 31. Rxa7 Rb1+ 32. Rxb1 Rxa7 33. Kf2
Kf7 34. Ke3 Ke7 35. Ke4 Kd6 36. Nd2 Ra4 37. Rc1 Nc5+ 38. Ke3 Ra3+ 39. Ke2 Nd3
40. Nc4+ Kd5 41. Nxb6+ Kxd4 1/2-1/2

[Event "Velka cena Tabora"]
[Site "?"]
[Date "2018.07.30"]
[Round "2.22"]
[White "Korinkova, Eva"]
[Black "Kubin, Petr"]
[Result "0-1"]
[WhiteElo "1850"]
[BlackElo "1998"]
[PlyCount "74"]
[EventDate "2018.??.??"]

1. e4 e5 2. Nf3 Nc6 3. Bb5 a6 4. Ba4 Nf6 5. O-O Be7 6. Re1 b5 7. Bb3 d6 8. c3
O-O 9. h3 Nb8 10. d4 Nbd7 11. Nbd2 Bb7 12. Bc2 c5 13. Nf1 cxd4 14. cxd4 Rc8 15.
Ng3 g6 16. Bh6 Re8 17. Bb3 Bf8 18. Bxf8 Rxf8 19. Rc1 h6 20. Rxc8 Qxc8 21. Qd2
Kg7 22. Nh4 Ng8 23. Nhf5+ gxf5 24. Nxf5+ Kh7 25. Nxd6 Qc7 26. Nxf7 Kg7 27. Nxe5
Nxe5 28. dxe5 Qxe5 29. Qd7+ Qe7 30. Qg4+ Kh8 31. e5 Qg5 32. e6 Ne7 33. Qd4+ Qg7
34. Qg4 Qxb2 35. Re2 Qa1+ 36. Kh2 Rg8 37. Re1 Qf6 0-1

[Event "Velka cena Tabora"]
[Site "?"]
[Date "2018.07.30"]
[Round "2.23"]
[White "Nagy, Ladislav"]
[Black "Rolinek, Frantisek"]
[Result "1-0"]
[WhiteElo "1996"]
[BlackElo "1849"]
[PlyCount "97"]
[EventDate "2018.??.??"]

1. e4 e5 2. Bc4 Nf6 3. d3 Nc6 4. Nc3 Na5 5. Nge2 Nxc4 6. dxc4 c6 7. a3 a5 8.
Ng3 d6 9. O-O Be6 10. Qe2 Qb6 11. Be3 Qa6 12. b3 O-O-O 13. Na4 Nd7 14. Rfd1 g6
15. Nf1 h5 16. Nd2 Be7 17. b4 c5 18. Nc3 f5 19. f3 f4 20. Bf2 Nb6 21. Nd5 Bxd5
22. exd5 cxb4 23. axb4 a4 24. Bxb6 Qxb6+ 25. Qf2 Qxb4 26. Qa7 Qc5+ 27. Qxc5+
dxc5 28. Ne4 b6 29. Rxa4 Kb7 30. Rda1 Ra8 31. Kf2 Rxa4 32. Rxa4 Rd8 33. Nc3 Bd6
34. Ke2 h4 35. h3 Bb8 36. Kd3 Rf8 37. Nb5 Rf5 38. Ra2 Rg5 39. c3 Rf5 40. Ke4
Rf8 41. Rd2 Rf5 42. d6 Kc8 43. Rd5 Kd7 44. Rxe5 Rf7 45. Kd5 Rf6 46. Re7+ Kd8
47. Rg7 Rf5+ 48. Kc6 Bxd6 49. Rd7+ 1-0

[Event "Velka cena Tabora"]
[Site "?"]
[Date "2018.07.30"]
[Round "2.24"]
[White "Odehnal, Jaroslav"]
[Black "Sedivy, Karel"]
[Result "0-1"]
[WhiteElo "1974"]
[BlackElo "1741"]
[PlyCount "82"]
[EventDate "2018.??.??"]

1. e4 g6 2. Nf3 Bg7 3. d4 d6 4. c4 Nf6 5. Nc3 O-O 6. Bd3 c6 7. O-O Bg4 8. Rb1
Nbd7 9. h3 Bxf3 10. Qxf3 c5 11. d5 Ne5 12. Qe2 Nxd3 13. Qxd3 Nd7 14. f4 Qa5 15.
Bd2 Bd4+ 16. Kh1 Qd8 17. g4 a6 18. Rbe1 e6 19. b3 g5 20. Ne2 gxf4 21. Bxf4 Be5
22. Qe3 Bxf4 23. Nxf4 Qg5 24. Qg3 Qe5 25. Kg2 Nf6 26. Qf3 Kg7 27. h4 h6 28. Kh3
Kh7 29. Re3 Rae8 30. Nd3 Qd4 31. g5 exd5 32. Qf5+ Kg8 33. gxf6 Qxe3+ 34. Rf3
Qxe4 35. Rg3+ Kh8 36. Qf2 Qe6+ 37. Kg2 Qe2 38. cxd5 Qxf2+ 39. Kxf2 Rg8 40. Rf3
Rg4 41. h5 Rge4 0-1

[Event "Velka cena Tabora"]
[Site "?"]
[Date "2018.07.30"]
[Round "2.25"]
[White "Zidu, Jan"]
[Black "Borkovec, Milan"]
[Result "0-1"]
[WhiteElo "1913"]
[BlackElo "2202"]
[PlyCount "52"]
[EventDate "2018.??.??"]

1. d4 Nf6 2. Nf3 e6 3. c4 c5 4. e3 d5 5. cxd5 exd5 6. Bb5+ Nc6 7. O-O Bd6 8.
dxc5 Bxc5 9. b3 O-O 10. Bb2 Bg4 11. Be2 Qe7 12. Nc3 Rad8 13. Na4 Bd6 14. Nd4
Qe5 15. g3 Qh5 16. f3 Bh3 17. Rf2 Qg5 18. f4 Qg6 19. Bd3 Ne4 20. Nxc6 bxc6 21.
Nc3 Nxf2 22. Bxg6 Nxd1 23. Bxh7+ Kxh7 24. Rxd1 Rfe8 25. Kf2 Bc5 26. Re1 d4 0-1

[Event "Velka cena Tabora"]
[Site "?"]
[Date "2018.07.30"]
[Round "2.26"]
[White "Slajs, Vlastimil"]
[Black "Kukacka, Ladislav"]
[Result "1-0"]
[WhiteElo "1805"]
[BlackElo "1549"]
[PlyCount "55"]
[EventDate "2018.??.??"]

1. d4 d5 2. Nf3 Nf6 3. Bf4 e6 4. e3 Be7 5. Bd3 O-O 6. O-O Nbd7 7. h3 c5 8. c3
c4 9. Bc2 Re8 10. Nbd2 Nf8 11. Ne5 Bd7 12. Bg5 b5 13. f4 h6 14. Bh4 Rc8 15. g4
N6h7 16. Bxe7 Qxe7 17. Ndf3 f6 18. Ng6 Nxg6 19. Bxg6 Red8 20. Qe2 Nf8 21. Bc2
a5 22. g5 Be8 23. gxh6 gxh6 24. Kh2 Kh8 25. Rg1 Qf7 26. Rg3 Rd7 27. Rag1 b4 28.
Qg2 1-0

[Event "Velka cena Tabora"]
[Site "?"]
[Date "2018.07.30"]
[Round "2.27"]
[White "Lys, Josef"]
[Black "Ruta, Vit"]
[Result "1-0"]
[WhiteElo "2118"]
[BlackElo "1384"]
[PlyCount "43"]
[EventDate "2018.??.??"]

1. d4 d5 2. c4 e6 3. Nc3 Nf6 4. Bg5 Bb4 5. Qa4+ Nc6 6. e3 Bd7 7. Qc2 Bxc3+ 8.
bxc3 h6 9. Bh4 g5 10. Bg3 Ne4 11. Bd3 f5 12. Ne2 Qf6 13. cxd5 exd5 14. Qb3 Nxg3
15. hxg3 O-O-O 16. Rb1 b6 17. Qxd5 Nb8 18. O-O c6 19. Qe5 Qxe5 20. dxe5 Be6 21.
Nd4 Rhf8 22. Nxe6 1-0

[Event "Velka cena Tabora"]
[Site "?"]
[Date "2018.07.30"]
[Round "2.28"]
[White "Trcka, Bohdan"]
[Black "Mosnicka, Jan"]
[Result "0-1"]
[WhiteElo "1564"]
[BlackElo "1836"]
[PlyCount "85"]
[EventDate "2018.??.??"]

1. e4 c5 2. f4 e6 3. Be2 Nc6 4. c3 d6 5. d3 Be7 6. Nf3 Nf6 7. Na3 a6 8. Be3 b5
9. Nc2 Bb7 10. Nd2 e5 11. f5 d5 12. Bf3 d4 13. cxd4 Nxd4 14. Nxd4 cxd4 15. Bf2
Rc8 16. g4 Nd7 17. h4 h6 18. Bg3 Qc7 19. Nb3 Bb4+ 20. Kf1 Qc2 21. Rh2 Qxd1+ 22.
Rxd1 Ke7 23. g5 hxg5 24. h5 Rh6 25. a3 Bd6 26. Rc1 Rxc1+ 27. Nxc1 Nf6 28. Be1
g4 29. Bd2 gxf3 30. Bxh6 gxh6 31. Rh3 Nxe4 32. dxe4 Bxe4 33. Kf2 Kf6 34. Nb3
Bd5 35. Nd2 e4 36. Nf1 Kxf5 37. b4 Kg4 38. Rh1 Bf4 39. Nh2+ Bxh2 40. Rxh2 e3+
41. Ke1 f2+ 42. Rxf2 exf2+ 43. Kxf2 0-1

[Event "Velka cena Tabora"]
[Site "?"]
[Date "2018.07.30"]
[Round "2.29"]
[White "Flajšman, Pavel"]
[Black "Rolinkova, Lucie"]
[Result "1/2-1/2"]
[WhiteElo "1828"]
[BlackElo "1540"]
[PlyCount "48"]
[EventDate "2018.??.??"]

1. c4 e5 2. Nc3 Nc6 3. g3 f5 4. Bg2 Bc5 5. d3 d6 6. Nd5 h6 7. Bd2 a6 8. b4 Ba7
9. b5 axb5 10. cxb5 Nce7 11. Qc2 Nxd5 12. Bxd5 Nf6 13. Bg2 O-O 14. Nf3 e4 15.
dxe4 fxe4 16. Nd4 Ng4 17. O-O Nxf2 18. e3 Nh3+ 19. Bxh3 Bxh3 20. Rxf8+ Qxf8 21.
Qxe4 Re8 22. Qd3 Qf7 23. Qb3 d5 24. Qd3 Kh8 1/2-1/2

[Event "Velka cena Tabora"]
[Site "?"]
[Date "2018.07.30"]
[Round "2.30"]
[White "Kral, Ladislav"]
[Black "Toman, Antonin"]
[Result "0-1"]
[WhiteElo "1500"]
[BlackElo "1816"]
[PlyCount "58"]
[EventDate "2018.??.??"]

1. e4 c5 2. Nf3 a6 3. c4 Qc7 4. d4 cxd4 5. Nxd4 Nf6 6. Nc3 e6 7. Bd3 Nc6 8.
Nxc6 dxc6 9. O-O e5 10. h3 Be6 11. Be3 Rd8 12. Qe2 Be7 13. Rfd1 O-O 14. Rac1
Nd7 15. Na4 Qa5 16. b3 Nc5 17. Nxc5 Bxc5 18. Bxc5 Qxc5 19. Bc2 Rd4 20. Rd3 Rfd8
21. Rcd1 Qa3 22. Bb1 c5 23. f3 h6 24. R3d2 Qb4 25. Rd3 b5 26. cxb5 axb5 27. Qd2
Rxd3 28. Bxd3 Qxd2 29. Rxd2 c4 0-1

[Event "Velka cena Tabora"]
[Site "?"]
[Date "2018.07.30"]
[Round "2.11"]
[White "Romanov, Sergey"]
[Black "David, Hak"]
[Result "1/2-1/2"]
[WhiteElo "2102"]
[BlackElo "1886"]
[PlyCount "134"]
[EventDate "2018.??.??"]

1. e4 Nf6 2. e5 Nd5 3. d4 d6 4. Nf3 Nc6 5. Be2 g6 6. exd6 cxd6 7. O-O Bg7 8. c4
Nb6 9. b3 d5 10. Bb2 dxc4 11. bxc4 Bg4 12. Nbd2 O-O 13. h3 Be6 14. c5 Nd5 15.
Bc4 Nf4 16. Bxe6 Nxe6 17. Nb3 Qd5 18. Qd2 a5 19. Rfd1 Rfd8 20. Rab1 a4 21. Nc1
Nexd4 22. Nxd4 Nxd4 23. Nd3 Ne6 24. Bxg7 Kxg7 25. Qb4 Qxa2 26. Qc3+ Kg8 27.
Rxb7 Qd5 28. Rxe7 Nf4 29. Nxf4 Qxd1+ 30. Kh2 Qd4 31. Re8+ Kg7 32. Qxd4+ Rxd4
33. Nh5+ Kh6 34. Rxa8 Kxh5 35. Ra7 f5 36. Rxh7+ Kg5 37. Ra7 Rc4 38. c6 Rxc6 39.
Rxa4 Rc3 40. g3 Rb3 41. Kg2 Rc3 42. Ra8 Rb3 43. h4+ Kf6 44. Ra6+ Kg7 45. Rd6
Kh6 46. Kf1 Rb2 47. Re6 Kh5 48. Re8 Kh6 49. Kg2 Rb3 50. Re3 Rb4 51. Rc3 Ra4 52.
f3 Rd4 53. Kh3 Kh5 54. Rc5 Kh6 55. Kg2 Rd2+ 56. Kf1 Ra2 57. Re5 Kh5 58. Re2 Ra3
59. Kf2 Rb3 60. Rd2 Ra3 61. Ke2 Rb3 62. Rd3 Rxd3 63. Kxd3 f4 64. gxf4 Kxh4 65.
Ke4 Kg3 66. f5 gxf5+ 67. Kxf5 Kxf3 1/2-1/2

[Event "Velka cena Tabora"]
[Site "?"]
[Date "2018.07.30"]
[Round "2.12"]
[White "Hanak, Tomas"]
[Black "Kotal, Vaclav"]
[Result "1/2-1/2"]
[WhiteElo "1876"]
[BlackElo "2101"]
[PlyCount "79"]
[EventDate "2018.??.??"]

1. f4 e5 2. fxe5 d6 3. exd6 Bxd6 4. Nf3 Nf6 5. d4 Ng4 6. Bg5 f6 7. Bc1 Nc6 8.
Nc3 Nxh2 9. Be3 Bg3+ 10. Bf2 Bxf2+ 11. Kxf2 Ng4+ 12. Kg1 Ne3 13. Qd3 Qe7 14.
Rxh7 Rxh7 15. Qxh7 Bf5 16. Qg8+ Qf8 17. Qxf8+ Kxf8 18. Kf2 Re8 19. d5 Nb4 20.
Nd4 Bd7 21. g3 Nexc2 22. Nxc2 Nxc2 23. Rc1 Ne3 24. Bg2 Nxg2 25. Kxg2 Ke7 26.
Kf3 Rh8 27. Ne4 Kd8 28. Nc5 Bc8 29. Rc3 Re8 30. Re3 Rxe3+ 31. Kxe3 b6 32. Ne4
Ba6 33. Nc3 Ke7 34. Kd4 Kd6 35. Ne4+ Kd7 36. e3 Bf1 37. b4 c6 38. Nc3 cxd5 39.
Nxd5 Kd6 40. e4 1/2-1/2

[Event "Velka cena Tabora"]
[Site "?"]
[Date "2018.07.30"]
[Round "3.13"]
[White "Parak, Dominik"]
[Black "Havluj, Zdenek"]
[Result "1-0"]
[WhiteElo "2098"]
[BlackElo "1877"]
[PlyCount "75"]
[EventDate "2018.??.??"]

1. e4 d6 2. d4 Nf6 3. Nc3 g6 4. Bg5 c6 5. Nf3 Bg4 6. Be2 Bg7 7. O-O Bxf3 8.
Bxf3 Nbd7 9. Re1 Qc7 10. Ne2 e5 11. c3 O-O 12. Qd2 Rfe8 13. Ng3 Rad8 14. Rad1
b5 15. Bh6 Bh8 16. Re3 Nb6 17. b3 d5 18. exd5 Nfxd5 19. Re2 exd4 20. cxd4 Rxe2
21. Nxe2 Ne7 22. Qc2 Nbd5 23. g3 Qd6 24. Qc5 Qxc5 25. dxc5 Be5 26. Bf4 f6 27.
Bxe5 fxe5 28. Nc3 Kf7 29. Ne4 h6 30. Nd6+ Ke6 31. Re1 Kf6 32. g4 g5 33. Rd1 Ke6
34. Kg2 Rf8 35. Kg3 Rf4 36. Bxd5+ cxd5 37. Nxb5 Nc6 38. Nc7+ 1-0

[Event "Velka cena Tabora"]
[Site "?"]
[Date "2018.07.30"]
[Round "2.14"]
[White "Sourek, Martin"]
[Black "Vasicek, Martin"]
[Result "0-1"]
[WhiteElo "1872"]
[BlackElo "2098"]
[PlyCount "102"]
[EventDate "2018.??.??"]

1. d4 Nf6 2. Bf4 d5 3. e3 e6 4. Nf3 Bd6 5. Bg3 b6 6. c3 O-O 7. Nbd2 c5 8. Bd3
Ba6 9. Qe2 Bxd3 10. Qxd3 Nc6 11. e4 dxe4 12. Nxe4 Be7 13. Rd1 cxd4 14. Qb5 Qe8
15. Nd6 Qd7 16. Nxd4 Nxd4 17. Qxd7 Nxd7 18. Rxd4 Nf6 19. Ke2 Rfd8 20. Rhd1 Kf8
21. c4 Nh5 22. Bh4 g5 23. Bg3 Nxg3+ 24. hxg3 Bf6 25. R4d2 Ke7 26. Ne4 Rxd2+ 27.
Rxd2 Rc8 28. b3 Rc7 29. Nxf6 Kxf6 30. Rd8 Ke5 31. Ke3 g4 32. Rd4 f5 33. Rd8 Rf7
34. Rd4 Rc7 35. a3 Rg7 36. Kd3 h5 37. b4 Rh7 38. c5 bxc5 39. bxc5 Rb7 40. Rd8
Rb3+ 41. Kc4 Rb2 42. c6 Rb6 43. Kc5 Rb2 44. Rd4 Rc2+ 45. Rc4 Rxc4+ 46. Kxc4 Kd6
47. c7 Kxc7 48. Kc5 Kd7 49. a4 f4 50. Kd4 fxg3 51. fxg3 Kd6 0-1

[Event "Velka cena Tabora"]
[Site "?"]
[Date "2018.07.30"]
[Round "2.15"]
[White "Krouzel, Jaroslav"]
[Black "Hercik, Josef"]
[Result "1/2-1/2"]
[WhiteElo "2079"]
[BlackElo "1871"]
[PlyCount "46"]
[EventDate "2018.??.??"]

1. d4 d5 2. Nf3 Nf6 3. Bf4 e6 4. e3 Bd6 5. Bg3 Bxg3 6. hxg3 Nbd7 7. Bd3 Qe7 8.
c3 e5 9. dxe5 Nxe5 10. Nxe5 Qxe5 11. Nd2 Qd6 12. Qc2 Bg4 13. Nf3 Bxf3 14. gxf3
O-O-O 15. O-O-O Qb6 16. Kb1 g6 17. g4 h5 18. gxh5 Rxh5 19. Rxh5 Nxh5 20. Rh1 c5
21. f4 c4 22. Be2 Nf6 23. Bf3 Qe6 1/2-1/2

[Event "Velka cena Tabora"]
[Site "?"]
[Date "2018.07.30"]
[Round "2.16"]
[White "Otradovec, Lubos"]
[Black "Nejdl, Eduard"]
[Result "1-0"]
[WhiteElo "1871"]
[BlackElo "2059"]
[PlyCount "41"]
[EventDate "2018.??.??"]

1. e4 Nf6 2. Nc3 e5 3. Nf3 Nc6 4. d4 exd4 5. Nxd4 Bb4 6. Nxc6 bxc6 7. Bd3 h6 8.
O-O Qe7 9. Bf4 O-O 10. e5 Bxc3 11. bxc3 Nd5 12. Bg3 Nxc3 13. Qf3 Qc5 14. Qf5 g6
15. Qf6 Nd5 16. Qh4 Kh7 17. Rae1 Ne7 18. Bf4 Ng8 19. g4 Kg7 20. Re3 Qe7 21.
Bxh6+ 1-0

[Event "Velka cena Tabora"]
[Site "?"]
[Date "2018.07.30"]
[Round "3.17"]
[White "Tesar, Jan"]
[Black "Placer, Sebastian"]
[Result "1-0"]
[WhiteElo "2047"]
[BlackElo "1868"]
[PlyCount "103"]
[EventDate "2018.??.??"]

1. d4 d5 2. c4 e6 3. Nc3 Nf6 4. cxd5 exd5 5. Bg5 c6 6. e3 h6 7. Bh4 Be7 8. Bd3
O-O 9. Qc2 Nbd7 10. Nge2 Re8 11. O-O Nf8 12. f3 Ne6 13. Bf2 Qc7 14. Rac1 Bd6
15. h3 Bf8 16. e4 g6 17. e5 Nh7 18. h4 Ng7 19. Nxd5 Qd8 20. Ndf4 Bf5 21. Bxf5
Nxf5 22. h5 Qg5 23. hxg6 fxg6 24. Qb3+ Kh8 25. Qxb7 Ne7 26. Qd7 Red8 27. Qh3
Qf5 28. Qxf5 gxf5 29. Ne6 Rd7 30. Bh4 Ng6 31. Nxf8 Rxf8 32. Bf2 Ne7 33. Nf4 Rg8
34. Nh5 Rg6 35. Rfd1 Nd5 36. Rc5 f4 37. Rdc1 Rg5 38. Nf6 Rdg7 39. Nxd5 Rxg2+
40. Kf1 cxd5 41. Rxd5 R2g6 42. Rd8+ Rg8 43. Rcc8 Ng5 44. Ke2 Rxd8 45. Rxd8+ Rg8
46. Rxg8+ Kxg8 47. d5 a6 48. b4 Kf7 49. a4 Ke7 50. Bh4 Kd7 51. Bxg5 hxg5 52. b5
1-0

[Event "Velka cena Tabora"]
[Site "?"]
[Date "2018.07.30"]
[Round "3.18"]
[White "Van Niuwen, Hans"]
[Black "Kudrlicka, Ladislav"]
[Result "1/2-1/2"]
[WhiteElo "1864"]
[BlackElo "2031"]
[PlyCount "92"]
[EventDate "2018.??.??"]

1. e4 e5 2. Nf3 Nc6 3. Bb5 Nf6 4. O-O Bc5 5. d3 d6 6. h3 h6 7. c3 O-O 8. Nbd2
a6 9. Ba4 b5 10. Bb3 Be6 11. Re1 Re8 12. Nf1 d5 13. exd5 Bxd5 14. Be3 Bxe3 15.
Nxe3 Be6 16. Bxe6 Rxe6 17. Nf5 Qd7 18. d4 e4 19. Nd2 Ree8 20. Ng3 Qd5 21. Qc2
Re7 22. Ndxe4 Nxe4 23. Rxe4 Rae8 24. Rxe7 Rxe7 25. a4 g6 26. axb5 axb5 27. Qd2
Kg7 28. Nf1 Nd8 29. Ne3 Qd6 30. Ng4 g5 31. Ne3 Qg6 32. Ra5 c6 33. Ra6 Qe4 34.
b3 f5 35. Qc2 Qxc2 36. Nxc2 Re2 37. Nb4 Re1+ 38. Kh2 Rb1 39. Nxc6 Nxc6 40. Rxc6
Rxb3 41. f3 b4 42. c4 Rd3 43. d5 b3 44. Rb6 Rc3 45. Kg3 Rxc4 46. Rxb3 Rd4
1/2-1/2